000 00583nam a2200229Ia 4500
003 OSt
005 20221006164645.0
006 a|||||r|||| 00| 0
007 ta
008 221006b |||||||| |||| 00| 0 eng d
024 _a233
037 _cTextual
040 _aFML
_cFML
_beng
041 _2eng
_aeng
082 _aP44, K0
100 _aChatterji Suniti Kumar Au.
245 0 _aIndo Aryan And Hindi
260 _aKolkata
_bFirma K L M
_c1960
300 _a329
_ccm.
942 _hP44, K0
_cTEXL
_2CC
999 _c1118011
_d1118011